College Quizbowl Stats
College Quizbowl Stats
Circuits
Seasons
Sets
Records
Detailed Stats
About
Loading...
2024 ACF Fall at Georgia
Tossups
Bonuses
Players
Teams
Categories (Tossup)
Categories (Bonus)
Brake Enwiller
Vanderbilt A
Categories
Category
Powers
Gets
Negs
BBs
Points
Earliest Buzz
Avg. Buzz
First Buzzes
Top 3 Buzzes
Current Events
0
1
0
0
10
97
97.00
0
0
Literature - American Literature
0
1
0
1
10
117
117.00
0
0
Mythology
0
1
0
0
10
58
58.00
0
0
Social Science
0
1
0
1
10
105
105.00
0
0
Buzzes
Category
Answer
Value
Buzz Position
Mythology
Persians
10
58
Current Events
broadband internet
10
97
Social Science
French
10
105
Literature - American Literature
American Revolution
10
117
Previous
1
Next